000 00641nam a2200205Ia 4500
001 16676
003 GE_BSU
008 181216s||||||||xx |||||||||||||| ||und||
040 _cGE_BSU
080 _a821.161.1-32 + 910.4(571.642)
100 _aჩეხოვი, ა.პ.
245 _aკუნძული სახალინი
245 _cთარგმნა გ. ციცქიშვილმა.
260 _aთბილისი
260 _bსაბჭ. საქართველო
260 _c1985
300 _a367გვ. ; 21სმ.
653 _aკუნძული სახალინი
942 _cBK
999 _c49741
_d49741